La difuminacin̤ institucional del objetivo del derecho a la educacin̤

Detalles Bibliográficos
Autor principal: Ara Pinilla, Ignacio
Formato: eBook
Lenguaje:español
Publicado: Madrid: Dykinson, 2014
Materias:
Acceso en línea:Acceso restringido

MARC

LEADER 00000nam a22000007a 4500
005 20141009005432.0
007 cr|||| ||||
008 141009s2014 es |||||s|||| 00||0 spa d
020 |a 978-84-9085-018-3 
035 |a 12420 
040 |a vLex 
090 |c 5199  |d 5199 
100 1 |a Ara Pinilla, Ignacio 
245 1 3 |a La difuminacin̤ institucional del objetivo del derecho a la educacin̤  |h [Recurso electrn̤ico] /  |c Ignacio Ara Pinilla 
256 |a Servicio en ln̕ea 
260 |a Madrid:  |b Dykinson,  |c 2014 
300 |a 1 recurso electrn̤ico 
506 1 |a Disponible solo en los productos indicados  |d vLex Global  |d vLex Global (Academic Edition, excluding Law Schools)  |d vLex Global (U.S. Academic Edition, Law Schools)  |d vLex Global (U.S. Academic Edition, excluding Law Schools)  |d vLex Global (Academic Edition, Law Schools) 
650 0 4 |a Derechos y Deberes fundamentales  |z Espaą 
740 0 |a vLex Libros (Servicio en ln̕ea) 
856 4 0 |u http://vlex.com/source/difuminacion-institucional-objetivo-derecho-educacion-12420  |z Acceso restringido 
942 |c BOOK 
999 0 |a Fundamental Rights and Duties